000 00590nam a2200205Ia 4500
003 OSt
005 20250712091954.0
008 210210b1995 xxu||||| |||| 00| 0 eng d
040 _cAL
041 _aKannada
082 _a301K SHAS
100 _aSHANKAR RAV (Cha Na).
_9151472
_d ಶಂಕರ್ ರಾವ್ (ಚ ನ)
245 _aSamajashastra parichaya
_bಸಮಾಜಶಾಸ್ತ್ರ ಪರಿಚಯ
260 _aMangalore
_bJai Bharath Prakashana
_c1995
300 _axvi,270
650 _aI PUC
_9151473
690 _aSociology
_9151474
906 _a050015
942 _2ddc
_cBK
999 _c98369
_d98369